00448nam a22001577a 450000500170000001000130001702000260003003500130005603700170006908200060008610000190009224500550011126000310016627000710019730000220026820221010164458.0 aB-745942 a9789390001248c395.00 aB-745942 bPharos Books aS aConrad, Joseph aNostromo: cSandeep KumarbA Tale of The Seaboard/ a DelhibPharos Booksc2020 aPlot No.-55, Main Mother Dairy Road, Pandav Nagar,b Delhie110092 a389p.c22cm (pbk)